Kpop idol d'origine japonaise - Statistiques

Statistiques générales
  • Ce quiz a été pris 505 fois
    500 depuis la dernière actualisation
  • Le résultat moyen est 17 sur 56
Statistiques - réponses
Hint Réponse % Correct
Twice Momo
92%
Iz*one/Le sserafim Sakura
91%
Twice Sana
89%
&TEAM K
87%
Aespa Giselle
86%
Twice Mina
84%
Enhypen Niki
83%
Le sserafim Kazuha
76%
Ive Rei
68%
BabyMonster Asa
61%
BabyMonster Ruka
52%
Nature Haru
43%
P1harmony Soul
42%
NCT / RIIZE Shotaro
41%
NCT Yuta
38%
Treasure Haruto
36%
Kep1er Hikaru
36%
XG Cocona
33%
Billie Tsuki
31%
Treasure Yoshi
31%
Iz*one Hitomi
28%
Rocket Punch Juri
26%
Kep1er Mashiro
26%
Treasure Asahi
25%
&TEAM Taki
25%
Cherry Bullet May
24%
Iz*one Nako
24%
XG Chisa
22%
XG Jurin
22%
Lightsum Hina
21%
&TEAM Maki
21%
XG Maya
21%
XG Hinata
20%
&TEAM Fuma
18%
&TEAM Jo
18%
Treasure Mashiho
18%
XG Juria
17%
&TEAM Harua
15%
&TEAM Yuma
15%
Purple Kiss Yuki
13%
Pentagon Yuto
11%
ONF U
9%
Billie Haruna
7%
Ciipher Keita
7%
Lapillus Shana
5%
Secret Number Lea
4%
Cherry Bullet Remi
4%
GWSN Miya
3%
Woo Ah ! Sora
3%
JBJ95 Kenta
2%
Mirae Lien
2%
DKB Yuku
2%
TO1 Daigo
1%
TO1 Renta
1%
Soloist Yukika
1%
H.U.B Rui
0%
Aucun quiz correspondant
Distribution des résultats
% des personnes avec chaque résultat
Percentile par nombre de réponses
Votre historique - résultats
Vous n’avez pas pris ce quiz depuis la dernière actualisation